000 00588cam a22002053a 4500
001 39258
003 PGUSA
005 20140828083855.0
008 120325s2012||||xxu|||||s|||||000 | eng d
040 _aPGUSA
_beng
042 _adc
100 1 _aKishpaugh, R. A.
245 1 0 _aFredericksburg and Its Many Points of Interest
_h[electronic resource] /
_cR. A. Kishpaugh
260 _bProject Gutenberg,
_c2012
506 _aPublic domain in the USA.
516 _aElectronic text
830 0 _aProject Gutenberg
_v39258
856 4 0 _uhttp://www.gutenberg.org/ebooks/39258
942 _cEB
999 _c268511
_d268511